00751nam a22002057a 4500999001900000005001700019010001300036020002700049035001300076037001900089082001500108100001700123245007100140260004200211270006100253300003500314700002000349942002900369952014700398 c175666d17566620200914124256.0 aB-732623 a9789386302472c1495.00 aB-732623 bEBH Publishers a584.909541 aSharma, T.P. aBamboos of north-east India /cby T.P. Sharma [and] S.K. Borthakur aGuwahati, AssambEBH Publishersc2018 a136, M.L. Nehru Road, Panbazar bGuwahati, Assame781001 ax, 225p.:bcol. ill.c24cm(Hb) aBorthakur, S.K. 2ddccENh584.909541mSHA 001040708NFICaLbLd2020-09-14eGift/Eng/27.02.2020g1495.00l0o584.909541 SHApB-732623r2020-09-14 00:00:00t1v1495.00w2020-09-14yEN